| 000 | 00589nam a2200205 i 4500 | ||
|---|---|---|---|
| 001 | 41674 | ||
| 003 | ES-MaACL | ||
| 005 | 20240601063022.0 | ||
| 007 | t| | ||
| 008 | 030311s1964 sp ||||1| spa d | ||
| 100 | 0 |
_aCasanova de Ayala, Félix, _d1915- _936109 |
|
| 245 | 1 | 0 |
_aElegía aullada / _cFélix Casanova de Ayala. |
| 260 |
_aPalencia : _b[s.n.], _c1964. |
||
| 300 |
_a25 p. ; _c22 cm. |
||
| 490 | 1 |
_aColección Rocamador ; _v38 |
|
| 830 | 0 | 0 |
_aRocamador (Serie) ; _v38 _9236737 |
| 852 |
_aES-MaACL _j2089-F-20 _bR.89037 |
||
| 942 | _2udc | ||
| 999 |
_c41674 _d41674 |
||